000 00885nam a2200229 i 4500
001 158584
003 ES-MaACL
005 20250805050325.0
008 950111s1857 sp ab |||| |bspa d
100 1 _aMalo de Molina, Manuel,
_d1819?-1863
_9167431
245 1 0 _aRodrigo el Campeador
_b: estudio histórico fundado en las noticias que sobre este héroe facilitan las crónicas y memorias árabes /
_cpor Manuel Malo de Molina.
260 _aMadrid :
_b[s.n.],
_c1857 (
_fImp. Real)
300 _aXLVII, 154, 179 p., [1] mapa pleg. ;
_c23 cm.
500 _aApendices, p. 1-179.
597 _aAntep.
597 _aPort. a dos tintas.
599 _aMapa pleg.: "Lit. de Peñuelas" de la ciudad y huerta de Valencia.
599 _aEsc. real xil. en port.
600 0 4 _aEl Cid
_946886
852 _aES-MaACL
_jB-5481
_z- Enc. pasta española
999 _c158584
_d158584